Vở bài tập Mĩ thuật 1
Gồm các bài tập theo 8 chủ đề tương ứng với sách giáo khoa Mĩ thuật 1.
Đã lưu trong:
| Tác giả chính: | |
|---|---|
| Định dạng: | Sách |
| Năm xuất bản: |
H.
Giáo dục Việt Nam
2020
|
| Series: | Chân trời sáng tạo
|
| Chủ đề: | |
| Tags: |
Thêm thẻ
Không có thẻ, Hãy là người đầu tiên gắn thẻ bản ghi này!
|
| LEADER | 01050nam a2200181 4500 | ||
|---|---|---|---|
| 999 | |c 16285 |d 16285 | ||
| 082 | |a 372.52 |b NG527X | ||
| 100 | |a Nguyễn Xuân Tiên | ||
| 245 | |a Vở bài tập Mĩ thuật 1 |c Nguyễn Xuân Tiên, Hoàng Minh Phúc, Nguyễn Thị Hiền,... | ||
| 260 | |a H. |b Giáo dục Việt Nam |c 2020 | ||
| 300 | |a 48 tr. |c 27 cm | ||
| 490 | |a Chân trời sáng tạo | ||
| 520 | |a Gồm các bài tập theo 8 chủ đề tương ứng với sách giáo khoa Mĩ thuật 1. | ||
| 653 | |a Mỹ thuật |a Lớp 1 |a Vở bài tập |a Sách đọc thêm | ||
| 942 | |2 ddc |c STK0 | ||
| 952 | |0 0 |1 0 |2 ddc |4 0 |6 372_520000000000000_NG527X |7 0 |8 300 |9 118957 |a qbu |b qbu |c D2 |d 2020-11-23 |g 10000 |o 372.52 NG527X |p 13384.C1 |r 2020-11-23 |w 2020-11-23 |y STK0 | ||
| 952 | |0 0 |1 0 |2 ddc |4 0 |6 372_520000000000000_NG527X |7 0 |8 300 |9 118958 |a qbu |b qbu |c D2 |d 2020-11-23 |g 10000 |o 372.52 NG527X |p 13384.C2 |r 2020-11-23 |w 2020-11-23 |y STK0 | ||
| 952 | |0 0 |1 0 |2 ddc |4 0 |6 372_520000000000000_NG527X |7 0 |8 300 |9 118959 |a qbu |b qbu |c D2 |d 2020-11-23 |g 10000 |o 372.52 NG527X |p 13384.C3 |r 2020-11-23 |w 2020-11-23 |y STK0 | ||